| 000 | 01668nam a22003377a 4500 | ||
|---|---|---|---|
| 003 | DO-SdBNP | ||
| 005 | 20231214080206.0 | ||
| 008 | 210426b 2021 dr 00| 0 spa d | ||
| 020 | _a9789945178616 | ||
| 040 |
_aBPMSU _bspa _cBPMSU |
||
| 082 | 4 |
_aRD863.5 _bV156c 2021 _222 |
|
| 092 | _a | ||
| 100 | 1 |
_aValentín, Bilda _d |
|
| 245 | 1 | 0 |
_a¿Conocido o amigo? / _cBilda Valentín ; ilustración: Henry Cid ; investigación: Laura V. Sánchez-Vincitore ; coordinación pedagógica: Cledenin Veras |
| 260 |
_aSanto Domingo: _bAgencia de los Estados Unidos para el Desarrollo Internacional (USAID) ; _bUniversidad Iberoamericana (UNIBE), _c2021 |
||
| 300 |
_a40 p. : _bils. ; _c21 cm. |
||
| 490 | 0 |
_aLa liga de la esperanza, _v17 |
|
| 500 | _3 | ||
| 505 | 0 | _aTipologías textuales-- Narraciones literaria -- Diálogo -- Instrucciones para hacer un video -- Guion de un video. | |
| 520 | _a Arelis, una joven tímida y estudiante de la Escuela Mamá Tingó, está metida en un grave problema. Intenta pedir ayuda a Ashly, pero no es clara. Finalmente, la Liga de la Esperanza descubre que Arelis no solo es acosada por las redes, sino que podría correr un peligro mayor. Con ayuda de la Liga y el orientador el asunto se controla. | ||
| 590 | _aInventariado, 2023/VM | ||
| 650 | 4 | _aCuentos juveniles dominicanos | |
| 650 | 4 | _aLiteratura juvenil dominicana | |
| 650 | 4 |
_aCibereacoso _vCuentos |
|
| 650 | 4 |
_aRedes sociales _vCuentos |
|
| 700 | 1 |
_3Cid, Henry _eilustraciones |
|
| 700 | 1 |
_3Sánchez-Vincitore, Laura V. _einvestigadora |
|
| 700 | 1 |
_3Veras, Cledenin _einvestigador pedagógico |
|
| 910 | _aVMateo V. Control de calidad. BPMSU | ||
| 942 |
_2ddc _cBK |
||
| 999 |
_c14517 _d14517 |
||